[Event "GER-ch-Seniors-50 2019"]
[Site "Radebeul"]
[Date "2019.05.04"]
[Round "9.6"]
[White "Wenner, Tobias"]
[Black "Loew, Gerald"]
[Result "0-1"]
[WhiteElo "2108"]
[BlackElo "2157"]
[Annotator "NA RC"]
[PlyCount "80"]
[EventDate "2019.04.26"]
[EventType "swiss"]
[EventCountry "GER"]
[SourceTitle "playchess.com"]
[Source "ChessBase"]
[SourceQuality "1"]
[TimeControl "40/5400+30:1800+30"]

{[%evp 9,78,24,32767,32767,32767,32767,32767,32767,32767,32767,38,22,32767,32767,35,13,11,0,0,0,4,-82,-80,-90,-88,32767,-100,32767,32767,-51,-52,-106,-77,32767,32767,32767,32767,-68,32767,32767,-67,32767,-109,32767,-189,-183,32767,32767,32767,-212,-212,-250,-260,-288,32767,32767,-308,32767,32767,32767,-504,-565,32767,32767,32767,32767,32767,32767,-1207,-773,-626]} 1. Nf3 {[%emt 0:00:00]} d6 {[%emt 0:00:00]} 2. d4 {[%emt 0:00:00]} f5 {[%emt 0:00:18]} 3. g3 {[%emt 0:00:19]} Nf6 {[%emt 0:00:23]} 4. Bg2 {[%emt 0:00:22]} g6 {[%emt 0:00:20]} 5. O-O {[%emt 0:00:17]} Bg7 {[%emt 0:00:09]} 6. c4 {[%emt 0:00:09]} O-O {[%emt 0:00:13]} 7. Nc3 {[%emt 0:00:03]} c6 {[%emt 0:00:36]} 8. Re1 {[%emt 0:00:14]} Ne4 {[%emt 0:01:12]} 9. Qc2 {[%emt 0:00:10]} Nxc3 {[%emt 0:00:31] A88: Dutch Defence: Leningrad System: 5 Nf3 0-0 6 0-0 d6 7 Nc3 c6} 10. bxc3 {[%emt 0:00:11]} e5 {[%emt 0:01:36]} 11. dxe5 {[%emt 0:00:16]} (11. e4 fxe4 12. Qxe4 Bf5 13. Qe3 Nd7 14. Ba3 Nb6 15. Qe2 Re8 16. dxe5 dxe5 17. Rad1 {0-1 (34) Vachier Lagrave,M (2745)-Ponomariov,R (2731) Beijing 2013}) 11... dxe5 {[%emt 0:00:10]} 12. Ba3 {[%emt 0:00:06]} Re8 {[%emt 0:00:39]} 13. Red1 {[%emt 0:03:17]} Qf6 $146 {[%emt 0:11:18]} ({Predecessor:} 13... Qa5 14. Bd6 Na6 15. Rab1 Nc5 16. Nd2 e4 17. Bxc5 Qxc5 {0-1 (44) Geyer,M (1881)-Wittenbrock,F (2049) Zuerich 2016}) 14. e4 {[%emt 0:27:22]} Na6 {[%emt 0:11:51]} 15. Bd6 {[%emt 0:09:38] [#]} (15. Rd6 $11 {remains equal.} Be6 16. Qb3) 15... Bf8 $1 {[%emt 0:08:20]} 16. c5 {[%emt 0:00:41]} Nxc5 {[%emt 0:01:00]} 17. Bxf8 {[%emt 0:03:00]} Rxf8 {[%emt 0:01:33]} 18. exf5 {[%emt 0:00:21]} Bxf5 {[%emt 0:02:00]} 19. Qe2 {[%emt 0:00:52]} e4 {[%emt 0:16:50]} 20. Nd4 {[%emt 0:03:08]} Rae8 {[%emt 0:07:04]} 21. Qc4+ {[%emt 0:02:34]} Ne6 {[%emt 0:00:53]} 22. Re1 {[%emt 0:07:00]} Kh8 {[%emt 0:04:44]} 23. Nxe6 {[%emt 0:06:30]} Rxe6 {[%emt 0:02:07]} 24. h3 g5 {[%emt 0:03:59]} 25. Rad1 {[%emt 0:09:14] [#]} Bxh3 $1 {[%emt 0:07:39] Discovered Attack} 26. Qd4 {[%emt 0:01:48]} Bxg2 {[%emt 0:01:29]} 27. Kxg2 {[%emt 0:00:06]} Qxd4 {[%emt 0:01:29]} 28. Rxd4 {[%emt 0:00:02]} Rfe8 {[%emt 0:00:58]} 29. Rd7 {[%emt 0:03:01]} R8e7 {[%emt 0:01:00]} 30. Rxe7 {[%emt 0:00:44]} Rxe7 {[%emt 0:00:26]} 31. g4 {[%emt 0:00:02]} Kg7 {[%emt 0:00:30]} 32. Re3 {[%emt 0:03:48]} Kf6 {[%emt 0:02:42]} 33. Kf1 {[%emt 0:00:50]} Ke5 {[%emt 0:01:52]} 34. f3 {[%emt 0:02:43] [#]} Kf4 $1 {[%emt 0:01:52]} 35. Kf2 {[%emt 0:00:06]} Re5 {[%emt 0:00:12]} 36. fxe4 {[%emt 0:00:35]} Rxe4 {[%emt 0:03:06]} 37. Rd3 {[%emt 0:00:13]} Ra4 {[%emt 0:02:01]} 38. Rh3 {[%emt 0:03:39]} Rxa2+ {[%emt 0:00:19]} 39. Ke1 $19 {[%emt 0:00:10]} Kxg4 {[%emt 0:01:28]} 40. Rxh7 {[%emt 0:00:10]} Rb2 {[%emt 0:00:18]} 0-1